| 000 | 00579nam a2200193Ia 4500 | ||
|---|---|---|---|
| 003 | OSt | ||
| 005 | 20250917095858.0 | ||
| 008 | 210210b1984 xxu||||| |||| 00| 0 eng d | ||
| 040 | _cAL | ||
| 041 | _aKannada | ||
| 082 | _aK894.9 RAMR | ||
| 100 |
_aRAMACHANDRA (M) _dರಾಮಚಂದ್ರ (ಎಂ) _9239013 |
||
| 245 |
_aRanna mattu atana kratigalu _bರನ್ನ ಮತ್ತು ಆತನ ಕೃತಿಗಳು |
||
| 260 |
_aMaisuru _bMaisuru Vishvavidyanilaya _c1984 |
||
| 300 | _aviii,274 | ||
| 690 |
_aKannada Criticism _9239014 |
||
| 906 | _aSG02516 | ||
| 942 |
_2ddc _cSG |
||
| 999 |
_c113532 _d113532 |
||